Nuclear energy (Registro nro. 184531)

Detalles MARC
000 -ENCABEZADO
Número de control [NR] 00706 a2200217 4500
005 - FECHA Y HORA DE LA ÚLTIMA TRANSACCIÓN
control field 20140903175025.0
008 - DE LONGITUD FIJA DE DATOS DE ELEMENTOS - INFORMACIÓN GENERAL
Elementos de longitud fija [NR] 140204s2012 enkao fr 001 0 eng d
020 ## - NUMERO INTERNACIONAL NORMALIZADO PARA LIBROS [R]
Número Internacional Normalizado del libro [NR] 9781406222777
040 ## - FUENTE DE CATALOGACION [NR]
Agencia de catalogación original [NR] CO-BoUCM
Idioma de catalogación [NR] spa
Quien Cataloga Jose A. Gerena
Quien Clasifica
041 ## - CODIGO DE IDIOMA [R]
Código de idioma para texto/pista de sonido o título separado [R] Inglés
100 1# - ASIENTO PRINCIPAL--NOMBRE PERSONAL [NR]
Nombre personal [NR] Oxlade, Chris
ID Autoridad 54779
245 10 - MENCION DE TITULO [NR]
Título [NR] Nuclear energy
Mención de responsabilidad, etc. [NR] Chris Oxlade
260 ## - PUBLICACION, DISTRIBUCION, ETC. (PIE DE IMPRENTA) [R]
Nombre del editor, distribuidor, etc. [R] Raintree
Lugar de publicación, distribución, etc. [R] Londres (Inglaterra)
Fecha de publicación, distribución, etc. [R] 2012
300 ## - DESCRIPCION FISICA [R]
Extensión [R] 32 páginas
Otros detalles físicos [NR] ilustraciones y fotografías a color
490 ## - MENCION DE SERIE [R]
Mención de serie [R] Tales of invention
500 ## - NOTA GENERAL [R]
Nota general [NR] Incluye índice y glosario
650 #7 - ASIENTO SECUNDARIO DE MATERIA - TERMINO TEMATICO [R]
9 (RLIN) 14233
Término temático o nombre geográfico como elemento de entrada [NR] Energía nuclear
690 ## - ASUNTO AGREGADO LOCAL DE ENTRADA - TÉRMINO TEMÁTICO (OCLC, RLIN)
9 (RLIN) 42878
Acceso temático local Medio ambiente
942 ## - ELEMENTOS DE ENTRADA AGREGADOS (KOHA)
Tema principal Economía
Tipo de ítem principal el descrito en 300a Libro
Edición 1
Parte restante de la signatura top. O98
Sistema de clasificación DEWEY
Clasificación 333.7924
Existencias
Fecha de último préstamo Total préstamos Total Renewals Signatura topográfica Código de barras Última vez visto Ejemplar Costo de reposición Price effective from Tipo de ítem Perdido Sistema de clasificación Dañado No prestable Tipo de ítem específico Suprimido Ubicación habitual Ubicación actual Localización Fecha de creación Proveedor Forma de adquisición Costo
23/01/2015 3 3 333.7924 O98 100140124 03/12/2025 Ej.1 23100.00 15/01/2014 Libro   DEWEY     Libro   Claustro Claustro 4to piso 15/01/2014 15 Compra 23100.00